000 00261nam a2200097Ia 4500
005 20251222114403.0
008 251222s1900||||xx |||||||||||||| ||spa||
082 _aDVD0070/B94/1999
245 0 _aLos piratas del Silicon Valley:Pirates of Silicon Valley
942 _cDVD
999 _c1718
_d1718